| 000 | 01736nam a22002777a 4500 | ||
|---|---|---|---|
| 005 | 2009010202022.0 | ||
| 008 | 090102t xxu||||| |||| 00| 0 hind | ||
| 010 | _aHIN-85775 | ||
| 020 |
_a9788184350197 _c495.00 |
||
| 035 | _aHN-58121 | ||
| 037 | _bDBAD / PUB | ||
| 040 |
_aDPL _bHN |
||
| 082 | _a338.7610954 | ||
| 245 |
_aभारत में सेवा क्षेत्र / _cश्याम मोहन द्विवेदी, एच. एन. मिश्रा तथा शैलेष कुमार जैन द्वारा संपादित |
||
| 246 |
_aBhaarata men sevaa kshetra _bedited by Shyam Mohan Diwedi, H. N. Mishra and Shailesh Kumar Jain |
||
| 260 |
_aनई दिल्ली _bअध्ययन पब्लिशर्स एण्ड डिस्ट्रीब्यूटर्स _c2007 |
||
| 270 |
_a4378/4B, 105, जे. एम. डी हाउस, मुरारी लाल स्ट्रीट, अंसारी रोड, दरियागंज _bनई दिल्ली _e110 002 _k011-23263018, 011-23277156 _l011-23280028 _madhyayanpublishers@yahoo.com |
||
| 300 |
_a238पृ. _c22 सेमी(सजिल्द) |
||
| 650 |
_aसेवा उद्योग _zभारत |
||
| 650 |
_aService industries _zIndia |
||
| 700 | _aद्विवेदी, श्याम मोहन | ||
| 700 | _aमिश्रा, एच.एन. | ||
| 700 | _aजैन, शैलेष कुमार | ||
| 942 |
_2ddc _cHN _mभारत _h338.7610954 |
||
| 999 |
_c20496 _d20496 |
||